[Event "Chess24 Banter Blitz Cup"]
[Site "chess24.com INT"]
[Date "2019.10.08"]
[Round "1.4"]
[White "Carlsen, Magnus"]
[Black "Pichot, Alan"]
[Result "1-0"]
[WhiteElo "2876"]
[BlackElo "2590"]
[PlyCount "57"]
[EventDate "2019.09.25"]
[EventType "k.o. (blitz)"]
[EventRounds "7"]
[EventCountry "USA"]
[SourceTitle "CBM 195 Extra"]
[Source "ChessBase"]
[SourceDate "2020.05.31"]
[SourceVersion "1"]
[SourceVersionDate "2020.05.31"]
[SourceQuality "1"]

1. d4 Nf6 2. c4 e6 3. Nc3 Bb4 4. a3 Bxc3+ 5. bxc3 b6 6. f3 Nc6 7. e4 d6 8. Bg5
h6 9. Bh4 Na5 10. Bd3 g5 11. Bf2 Ba6 12. h4 Rg8 13. hxg5 hxg5 14. Ne2 Qd7 15.
e5 dxe5 16. dxe5 O-O-O 17. Nd4 Ne8 18. c5 Bxd3 19. Qxd3 Qd5 20. Qa6+ Qb7 21.
Qe2 Qd5 22. O-O g4 23. fxg4 Kb8 24. Rfd1 Qb7 25. Nxe6 Rxd1+ 26. Rxd1 Qc6 27.
Rd8+ Kb7 28. Rd6 Qa4 29. Qf3+ 1-0

[Event "Chess24 Banter Blitz Cup"]
[Site "chess24.com INT"]
[Date "2019.10.08"]
[Round "1.5"]
[White "Pichot, Alan"]
[Black "Carlsen, Magnus"]
[Result "1-0"]
[WhiteElo "2590"]
[BlackElo "2876"]
[PlyCount "71"]
[EventDate "2019.09.25"]
[EventType "k.o. (blitz)"]
[EventRounds "7"]
[EventCountry "USA"]
[SourceTitle "CBM 195 Extra"]
[Source "ChessBase"]
[SourceDate "2020.05.31"]
[SourceVersion "1"]
[SourceVersionDate "2020.05.31"]
[SourceQuality "1"]

1. e4 Nc6 2. Nf3 d6 3. d4 Nf6 4. Nc3 g6 5. d5 Nb8 6. Be2 Bg7 7. O-O O-O 8. a4
e6 9. dxe6 Bxe6 10. Nd4 Bd7 11. Re1 Re8 12. Bf1 Nc6 13. Nb3 a5 14. Bf4 Nb4 15.
Qd2 Bc6 16. Bg5 d5 17. e5 d4 18. exf6 dxc3 19. Qxd8 Raxd8 20. fxg7 cxb2 21.
Bxd8 Rxd8 22. Rab1 b6 23. Rxb2 Bxa4 24. c3 Nd5 25. Rd1 Rd7 26. c4 Nc3 27. Rxd7
Bxd7 28. Rc2 Ne4 29. f3 Nf6 30. c5 Kxg7 31. cxb6 cxb6 32. Rc7 Be6 33. Bc4 Bxc4
34. Rxc4 Nd5 35. Rd4 Nb4 36. Rd6 1-0

[Event "Chess24 Banter Blitz Cup"]
[Site "chess24.com INT"]
[Date "2019.10.08"]
[Round "1.6"]
[White "Carlsen, Magnus"]
[Black "Pichot, Alan"]
[Result "1-0"]
[WhiteElo "2876"]
[BlackElo "2590"]
[PlyCount "113"]
[EventDate "2019.09.25"]
[EventType "k.o. (blitz)"]
[EventRounds "7"]
[EventCountry "USA"]
[SourceTitle "CBM 195 Extra"]
[Source "ChessBase"]
[SourceDate "2020.05.31"]
[SourceVersion "1"]
[SourceVersionDate "2020.05.31"]
[SourceQuality "1"]

1. d4 Nf6 2. Bf4 d5 3. e3 c5 4. c3 Nc6 5. Nd2 e6 6. Ngf3 Nh5 7. Bg5 f6 8. Bh4
g6 9. Bd3 Bd6 10. Qe2 O-O 11. Bg3 e5 12. dxe5 fxe5 13. e4 d4 14. Bc4+ Kg7 15.
Bd5 Ne7 16. Nc4 Nxd5 17. exd5 Nxg3 18. hxg3 e4 19. Nxd6 Qxd6 20. Qxe4 Bf5 21.
Qe5+ Qxe5+ 22. Nxe5 Rfe8 23. f4 Rad8 24. c4 b5 25. b3 bxc4 26. bxc4 Rb8 27. O-O
Rb2 28. Rfe1 Rc2 29. g4 Bc8 30. Rab1 d3 31. Nxd3 Rxe1+ 32. Rxe1 Rxc4 33. Re7+
Kf6 34. Rxa7 Bxg4 35. g3 Rd4 36. Ne5 Kf5 37. Rf7+ Ke4 38. Nxg4 Kf3 39. Nh2+
Kxg3 40. Nf1+ Kf3 41. Rxh7 Rxd5 42. Rh3+ Kxf4 43. a4 c4 44. Ra3 Ra5 45. Kf2 Ke5
46. Ke3 Kd5 47. Kd2 Kd4 48. Ne3 c3+ 49. Rxc3 Rxa4 50. Nc2+ Ke4 51. Ke2 Kf5 52.
Ne3+ Kf6 53. Kf3 Re4 54. Kxe4 Kg7 55. Kf4 Kh6 56. Ng4+ Kh5 57. Rh3# 1-0

[Event "Chess24 Banter Blitz Cup"]
[Site "chess24.com INT"]
[Date "2019.10.08"]
[Round "1.7"]
[White "Pichot, Alan"]
[Black "Carlsen, Magnus"]
[Result "1-0"]
[WhiteElo "2590"]
[BlackElo "2876"]
[PlyCount "69"]
[EventDate "2019.09.25"]
[EventType "k.o. (blitz)"]
[EventRounds "7"]
[EventCountry "USA"]
[SourceTitle "CBM 195 Extra"]
[Source "ChessBase"]
[SourceDate "2020.05.31"]
[SourceVersion "1"]
[SourceVersionDate "2020.05.31"]
[SourceQuality "1"]

1. e4 d6 2. d4 Nf6 3. Nc3 g6 4. f4 Bg7 5. Nf3 c5 6. Bb5+ Bd7 7. e5 Ng4 8. Bxd7+
Qxd7 9. d5 dxe5 10. h3 e4 11. hxg4 exf3 12. Qxf3 Na6 13. Bd2 O-O-O 14. O-O-O
Nc7 15. Be1 f5 16. gxf5 gxf5 17. Bf2 b6 18. Rhe1 Rhe8 19. a3 Bf6 20. Qh3 Kb8
21. Qf3 h5 22. Qh3 Bxc3 23. Qxc3 Nb5 24. Qe5+ Nd6 25. Bh4 Kb7 26. Bxe7 Ne4 27.
d6 Rc8 28. Rxe4 fxe4 29. Qxe4+ Ka6 30. f5 Rg8 31. f6 Rg4 32. Qe2+ c4 33. f7 Rf4
34. Rf1 Qg4 35. Qxg4 1-0

[Event "Chess24 Banter Blitz Cup"]
[Site "chess24.com INT"]
[Date "2019.10.08"]
[Round "1.8"]
[White "Carlsen, Magnus"]
[Black "Pichot, Alan"]
[Result "1-0"]
[WhiteElo "2876"]
[BlackElo "2590"]
[PlyCount "105"]
[EventDate "2019.09.25"]
[EventType "k.o. (blitz)"]
[EventRounds "7"]
[EventCountry "USA"]
[SourceTitle "CBM 195 Extra"]
[Source "ChessBase"]
[SourceDate "2020.05.31"]
[SourceVersion "1"]
[SourceVersionDate "2020.05.31"]
[SourceQuality "1"]

1. e4 c5 2. Nf3 Nc6 3. Bb5 g6 4. c3 Nf6 5. Qe2 Bg7 6. O-O O-O 7. d4 cxd4 8.
cxd4 d5 9. e5 Ne4 10. Nc3 Bg4 11. Be3 Nxc3 12. bxc3 a6 13. Bxc6 bxc6 14. h3 Bf5
15. Nd2 Qa5 16. Nb3 Qb5 17. Qd2 a5 18. Nc5 Rfb8 19. g4 Bc8 20. Rfb1 Qxb1+ 21.
Rxb1 Rxb1+ 22. Kg2 a4 23. a3 Rab8 24. Bh6 R8b2 25. Qg5 Bxh6 26. Qxh6 Rc2 27.
Qg5 Kf8 28. Nxa4 Rd1 29. Nc5 Rdd2 30. Qf4 Kg7 31. a4 Rd1 32. a5 Rcc1 33. e6
Rg1+ 34. Kf3 Rxc3+ 35. Ke2 Bxe6 36. Qe5+ Kg8 37. Nxe6 fxe6 38. Qxe6+ Kf8 39.
Qe5 Rc2+ 40. Kf3 Rc3+ 41. Kf4 Rf1 42. Qh8+ Kf7 43. Qxh7+ Ke8 44. Qxg6+ Kd7 45.
Qf5+ Kc7 46. Kg5 Kb7 47. h4 Rh1 48. h5 Re1 49. h6 e6 50. Qf7+ Ka6 51. h7 Rh1
52. Qh5 Rxh5+ 53. gxh5 1-0

[Event "Chess24 Banter Blitz Cup"]
[Site "chess24.com INT"]
[Date "2019.10.08"]
[Round "1.9"]
[White "Pichot, Alan"]
[Black "Carlsen, Magnus"]
[Result "0-1"]
[WhiteElo "2590"]
[BlackElo "2876"]
[PlyCount "136"]
[EventDate "2019.09.25"]
[EventType "k.o. (blitz)"]
[EventRounds "7"]
[EventCountry "USA"]
[SourceTitle "CBM 195 Extra"]
[Source "ChessBase"]
[SourceDate "2020.05.31"]
[SourceVersion "1"]
[SourceVersionDate "2020.05.31"]
[SourceQuality "1"]

1. e4 c5 2. Nf3 Nc6 3. d4 cxd4 4. Nxd4 Nf6 5. Nc3 e5 6. Ndb5 d6 7. Nd5 Nxd5 8.
exd5 Nb8 9. a4 Be7 10. Be2 O-O 11. O-O f5 12. Bd2 f4 13. a5 Bf5 14. Bb4 a6 15.
Na3 Nd7 16. Bg4 Qc8 17. Bxf5 Rxf5 18. Qd3 Nf6 19. Nc4 e4 20. Qh3 Rh5 21. Qxc8+
Rxc8 22. Bxd6 Rxc4 23. Bxe7 Nxd5 24. Bd6 Rxc2 25. g3 f3 26. Rac1 Ne3 27. Rfe1
Rxa5 28. h4 Rd5 29. Rxc2 Nxc2 30. Rc1 e3 31. Rxc2 Rd1+ 32. Kh2 Rxd6 33. fxe3
Re6 34. Kg1 Rxe3 35. Rc8+ Kf7 36. Rc7+ Re7 37. Rc3 Re1+ 38. Kf2 Re2+ 39. Kxf3
Rxb2 40. Rc7+ Kf6 41. Kg4 Rb4+ 42. Kh3 h5 43. Rc5 g6 44. Rc8 a5 45. Rc1 a4 46.
Rf1+ Kg7 47. Rc1 b5 48. Rc7+ Kf6 49. Ra7 Rc4 50. Ra6+ Kf5 51. Rb6 Rc5 52. Ra6
Ke4 53. Ra8 Kd3 54. Re8 Kc3 55. Rd8 b4 56. Rg8 a3 57. Rxg6 a2 58. Ra6 b3 59. g4
Kb4 60. gxh5 Ra5 61. Rb6+ Ka3 62. Rg6 a1=Q 63. h6 Qc3+ 64. Kg4 Ra4+ 65. Kh5
Qf3+ 66. Kg5 Rg4+ 67. Kh5 Rg3+ 68. Rg4 Qxg4# 0-1

[Event "Chess24 Banter Blitz Cup"]
[Site "chess24.com INT"]
[Date "2019.10.08"]
[Round "1.10"]
[White "Carlsen, Magnus"]
[Black "Pichot, Alan"]
[Result "1-0"]
[WhiteElo "2876"]
[BlackElo "2590"]
[PlyCount "71"]
[EventDate "2019.09.25"]
[EventType "k.o. (blitz)"]
[EventRounds "7"]
[EventCountry "USA"]
[SourceTitle "CBM 195 Extra"]
[Source "ChessBase"]
[SourceDate "2020.05.31"]
[SourceVersion "1"]
[SourceVersionDate "2020.05.31"]
[SourceQuality "1"]

1. c4 Nf6 2. g3 e6 3. Bg2 d5 4. Nf3 Be7 5. b3 d4 6. e3 c5 7. exd4 cxd4 8. O-O
O-O 9. d3 Nc6 10. Re1 Nd7 11. Na3 e5 12. Nc2 f6 13. Nh4 g6 14. Bd5+ Kh8 15. Qg4
f5 16. Nxg6+ hxg6 17. Qh3+ Bh4 18. Ba3 Re8 19. Bf7 Rf8 20. Bxf8 Nxf8 21. Qxh4+
Qxh4 22. gxh4 Be6 23. Bxe6 Nxe6 24. b4 e4 25. dxe4 f4 26. Red1 Ne5 27. Ne1 Rd8
28. Nd3 Nxc4 29. Rac1 b5 30. a4 a6 31. axb5 axb5 32. Ra1 Kg7 33. Ra6 Kf7 34.
Rda1 Rd7 35. Rc6 Nd2 36. Ne5+ 1-0

[Event "Chess24 Banter Blitz Cup"]
[Site "chess24.com INT"]
[Date "2019.10.08"]
[Round "1.11"]
[White "Pichot, Alan"]
[Black "Carlsen, Magnus"]
[Result "0-1"]
[WhiteElo "2590"]
[BlackElo "2876"]
[PlyCount "120"]
[EventDate "2019.09.25"]
[EventType "k.o. (blitz)"]
[EventRounds "7"]
[EventCountry "USA"]
[SourceTitle "CBM 195 Extra"]
[Source "ChessBase"]
[SourceDate "2020.05.31"]
[SourceVersion "1"]
[SourceVersionDate "2020.05.31"]
[SourceQuality "1"]

1. e4 c5 2. Nf3 d6 3. d4 cxd4 4. Nxd4 Nf6 5. Nc3 Bd7 6. Bg5 e6 7. Qd2 a6 8.
O-O-O h6 9. Bh4 Nxe4 10. Nxe4 Qxh4 11. Qe3 Be7 12. Nf3 Qh5 13. Nxd6+ Bxd6 14.
Rxd6 Qa5 15. a3 O-O 16. Ne5 Qc7 17. Nxd7 Nxd7 18. Rd2 Nf6 19. Be2 Rfd8 20. Bf3
Rxd2 21. Qxd2 Rd8 22. Qe3 b6 23. g3 a5 24. Rd1 Rxd1+ 25. Kxd1 Nd7 26. Qd4 Kf8
27. b4 Ne5 28. Be2 Nc6 29. Qd2 Ke7 30. c3 Ne5 31. Qd4 g5 32. f4 Nd7 33. Kc2
gxf4 34. gxf4 axb4 35. axb4 Nf6 36. Bf3 Ne8 37. Kb3 Nd6 38. c4 Nf5 39. Qe4 Qd6
40. Bg4 Nd4+ 41. Kc3 Nc6 42. c5 bxc5 43. b5 Nb4 44. Bh5 Nd5+ 45. Kb3 Nf6 46.
Qb7+ Nd7 47. Be2 Qxf4 48. b6 Qb4+ 49. Kc2 Qxb6 50. Qxb6 Nxb6 51. Kd3 Kd6 52.
Ke3 f5 53. Kf3 Nd5 54. Kg3 e5 55. Bf3 e4 56. Bd1 f4+ 57. Kh4 Ke5 58. Kh5 f3 59.
Kxh6 Nf4 60. h4 f2 0-1

[Event "Chess24 Banter Blitz Cup"]
[Site "chess24.com INT"]
[Date "2019.10.08"]
[Round "1.12"]
[White "Carlsen, Magnus"]
[Black "Pichot, Alan"]
[Result "1-0"]
[WhiteElo "2876"]
[BlackElo "2590"]
[PlyCount "81"]
[EventDate "2019.09.25"]
[EventType "k.o. (blitz)"]
[EventRounds "7"]
[EventCountry "USA"]
[SourceTitle "CBM 195 Extra"]
[Source "ChessBase"]
[SourceDate "2020.05.31"]
[SourceVersion "1"]
[SourceVersionDate "2020.05.31"]
[SourceQuality "1"]

1. f4 c5 2. Nf3 Nc6 3. e4 d5 4. exd5 Qxd5 5. Nc3 Qd8 6. Bb5 Bd7 7. b3 Nf6 8.
Bb2 a6 9. Bxc6 Bxc6 10. Qe2 g6 11. Ne5 Rc8 12. O-O-O Bg7 13. Rhe1 e6 14. g4 O-O
15. g5 Nh5 16. Qe3 Qd4 17. Ne2 Qxe3 18. dxe3 Bxe5 19. Bxe5 Rfd8 20. Ng3 Nxg3
21. hxg3 Bf3 22. Rd3 Be4 23. Rxd8+ Rxd8 24. Bf6 Rd7 25. Re2 b5 26. Rh2 Bf3 27.
Kb2 Be4 28. Be5 Bf5 29. c4 b4 30. a3 a5 31. a4 Be4 32. Kc1 h5 33. gxh6 Kh7 34.
Rd2 Bd3 35. Bg7 Rd8 36. g4 Rd7 37. g5 Rd8 38. Be5 Rd7 39. e4 Kg8 40. Kd1 Kh7
41. Ke1 1-0

[Event "Chess24 Banter Blitz Cup"]
[Site "chess24.com INT"]
[Date "2020.02.01"]
[Round "3.1"]
[White "Carlsen, Magnus"]
[Black "Mamedov, Rauf"]
[Result "0-1"]
[WhiteElo "2876"]
[BlackElo "2645"]
[PlyCount "176"]
[EventDate "2019.09.25"]
[EventType "k.o. (blitz)"]
[EventRounds "7"]
[EventCountry "USA"]
[SourceTitle "CBM 195 Extra"]
[Source "ChessBase"]
[SourceDate "2020.05.31"]
[SourceVersion "1"]
[SourceVersionDate "2020.05.31"]
[SourceQuality "1"]

1. d4 d5 2. c4 c6 3. Nf3 Nf6 4. Nc3 dxc4 5. e4 b5 6. Be2 Bg4 7. O-O e6 8. a4 b4
9. e5 bxc3 10. exf6 cxb2 11. fxg7 Bxg7 12. Bxb2 O-O 13. Ne5 Bf5 14. Nxc4 c5 15.
Bf3 Nd7 16. Bxa8 Qxa8 17. dxc5 Bxb2 18. Nxb2 Nxc5 19. Rc1 Rd8 20. Qe2 Nb3 21.
Rcd1 Nd4 22. Qe3 Qd5 23. h3 Bg6 24. Kh1 e5 25. f4 Rb8 26. Qxe5 Qxe5 27. fxe5
Nf5 28. Rf2 Ng3+ 29. Kh2 Ne4 30. Rc2 Ng5 31. Rcd2 Kg7 32. Nc4 Rb4 33. Nd6 Rxa4
34. Ne8+ Kh6 35. Nf6 Ne6 36. Rf2 Kg5 37. Rd7 h5 38. Rf3 h4 39. Ng4 Ra2 40. Rf2
Ra4 41. Rdd2 Ra3 42. Ra2 Rb3 43. Rxa7 Rc3 44. Ra8 Rb3 45. Rg8 Rb7 46. Rf6 Re7
47. Nf2 Kh6 48. Rh8+ Kg7 49. Rxh4 Nc5 50. Ng4 Nd7 51. Rf3 Nxe5 52. Nxe5 Rxe5
53. Rg3 Rc5 54. Rhg4 Kh6 55. Rf4 Rc2 56. Rgf3 Rb2 57. Rf2 Rb3 58. g4 Rb7 59.
Kg3 Rb1 60. R2f3 Rb2 61. Rxf7 Bxf7 62. Rxf7 Kg6 63. Rf3 Rb1 64. h4 Rg1+ 65. Kf4
Ra1 66. h5+ Kf6 67. Re3 Rf1+ 68. Kg3 Rg1+ 69. Kh4 Rh1+ 70. Rh3 Rg1 71. Rf3+ Ke6
72. Rf5 Ra1 73. Kg5 Ra8 74. h6 Rg8+ 75. Kf4 Rh8 76. g5 Rc8 77. Kg4 Rc1 78. Rf4
Rg1+ 79. Kh5 Rh1+ 80. Kg6 Rg1 81. Rf6+ Ke5 82. h7 Kd4 83. Kg7 Ke3 84. g6 Kd2
85. h8=Q Rg2 86. Qd8+ Ke1 87. Rc6 Re2 88. Re6 Re5 0-1

[Event "Chess24 Banter Blitz Cup"]
[Site "chess24.com INT"]
[Date "2020.02.01"]
[Round "3.2"]
[White "Mamedov, Rauf"]
[Black "Carlsen, Magnus"]
[Result "1-0"]
[WhiteElo "2645"]
[BlackElo "2876"]
[PlyCount "155"]
[EventDate "2019.09.25"]
[EventType "k.o. (blitz)"]
[EventRounds "7"]
[EventCountry "USA"]
[SourceTitle "CBM 195 Extra"]
[Source "ChessBase"]
[SourceDate "2020.05.31"]
[SourceVersion "1"]
[SourceVersionDate "2020.05.31"]
[SourceQuality "1"]

1. e4 d5 2. exd5 Qxd5 3. Nc3 Qe6+ 4. Be2 Qg6 5. Bf3 Nc6 6. Nge2 Bg4 7. Bxg4
Qxg4 8. O-O O-O-O 9. d3 e5 10. h3 Qd7 11. a3 f5 12. b4 Nf6 13. b5 Nd4 14. a4
Bc5 15. Rb1 f4 16. Nxd4 Bxd4 17. Bd2 g5 18. b6 Bxb6 19. Nb5 a6 20. Na3 Bc5 21.
Nc4 Qd5 22. Bc3 Rhe8 23. Re1 Bd4 24. Bxd4 Qxd4 25. c3 Qxc3 26. Qe2 e4 27. Rec1
Qd4 28. Qc2 exd3 29. Qb3 Kd7 30. Qxb7 Ke6 31. Na5 Qd5 32. Nc6 Rd6 33. Qxc7 Kf5
34. Ne7+ Rxe7 35. Qxe7 d2 36. Rd1 Kg6 37. Qe2 Qe4 38. Qxe4+ Nxe4 39. Rb2 Rd4
40. f3 Ng3 41. Rdxd2 Rxa4 42. Rd1 Kh5 43. Kf2 Kh4 44. Ke1 h5 45. Kd2 Nf5 46.
Rc1 Ne3 47. Kd3 Ra5 48. Rc7 Kg3 49. Rg7 h4 50. Rb6 Nxg2 51. Rbg6 Ne1+ 52. Kc3
Nxf3 53. Kb4 Rb5+ 54. Kc4 Re5 55. Kd3 Kxh3 56. Rh6 Re3+ 57. Kc4 g4 58. Rf7 g3
59. Rxf4 g2 60. Rg6 g1=Q 61. Rxf3+ Rxf3 62. Rxg1 Rg3 63. Rh1+ Kg4 64. Ra1 h3
65. Ra4 h2 66. Kd5+ Kh3 67. Ke5 Rg5+ 68. Kf6 Rg4 69. Ra3+ Rg3 70. Ra5 Rg1 71.
Rh5+ Kg2 72. Rg5+ Kf1 73. Rf5+ Ke2 74. Re5+ Kd3 75. Rd5+ Ke4 76. Rg5 h1=Q 77.
Re5+ Kf4 78. Rf5+ 1-0

[Event "Chess24 Banter Blitz Cup"]
[Site "chess24.com INT"]
[Date "2020.02.01"]
[Round "3.3"]
[White "Carlsen, Magnus"]
[Black "Mamedov, Rauf"]
[Result "1-0"]
[WhiteElo "2876"]
[BlackElo "2645"]
[PlyCount "75"]
[EventDate "2019.09.25"]
[EventType "k.o. (blitz)"]
[EventRounds "7"]
[EventCountry "USA"]
[SourceTitle "CBM 195 Extra"]
[Source "ChessBase"]
[SourceDate "2020.05.31"]
[SourceVersion "1"]
[SourceVersionDate "2020.05.31"]
[SourceQuality "1"]

1. e4 c5 2. Nf3 Nc6 3. Nc3 g6 4. h4 h5 5. Bc4 Bg7 6. Ng5 Nh6 7. d3 d6 8. a3 e6
9. Ba2 a6 10. Ne2 b5 11. c3 O-O 12. f3 Rb8 13. Nf4 b4 14. axb4 cxb4 15. d4 bxc3
16. bxc3 Qc7 17. O-O Ne7 18. Qd3 Bd7 19. Bxe6 fxe6 20. Nfxe6 Qc8 21. Nxf8 Bb5
22. Qd2 Bxf1 23. Nfe6 Bc4 24. Nxg7 Kxg7 25. d5 Neg8 26. Qd4+ Kf8 27. Ba3 Nf7
28. Ne6+ Ke7 29. Nf4 Ke8 30. Nxg6 Ne7 31. Nxe7 Kxe7 32. e5 Rb5 33. exd6+ Kd7
34. Qa7+ Qb7 35. Qe3 Rb1+ 36. Rxb1 Qxb1+ 37. Kh2 Nxd6 38. Qe6+ 1-0

[Event "Chess24 Banter Blitz Cup"]
[Site "chess24.com INT"]
[Date "2020.02.01"]
[Round "3.4"]
[White "Mamedov, Rauf"]
[Black "Carlsen, Magnus"]
[Result "0-1"]
[WhiteElo "2645"]
[BlackElo "2876"]
[PlyCount "84"]
[EventDate "2019.09.25"]
[EventType "k.o. (blitz)"]
[EventRounds "7"]
[EventCountry "USA"]
[SourceTitle "CBM 195 Extra"]
[Source "ChessBase"]
[SourceDate "2020.05.31"]
[SourceVersion "1"]
[SourceVersionDate "2020.05.31"]
[SourceQuality "1"]

1. e4 d5 2. exd5 Qxd5 3. Nc3 Qe6+ 4. Nge2 Nf6 5. d4 b6 6. d5 Qd7 7. Nf4 Bb7 8.
Bc4 c6 9. O-O cxd5 10. Nfxd5 Nxd5 11. Nxd5 Nc6 12. Bf4 O-O-O 13. Nc3 Nd4 14. f3
Qc6 15. Bd3 Qc5 16. Kh1 e5 17. Be3 Kb8 18. Qe1 f6 19. a4 a5 20. Nb5 Qc6 21. Be4
Qd7 22. Bxb7 Nxc2 23. Qc3 Nxe3 24. Bc6 Bb4 25. Qxe3 Qxc6 26. Rac1 Bc5 27. Qc3
Rd7 28. Qc4 Qd5 29. Qg4 Rhd8 30. h3 Qd2 31. Nc3 Qxb2 32. Ne4 Be3 33. Rb1 Qc2
34. Qe6 Ka7 35. Qg4 Rd1 36. Rbxd1 Rxd1 37. Qxg7+ Ka6 38. Rxd1 Qxd1+ 39. Kh2
Bf4+ 40. g3 Qe2+ 41. Kh1 Qxf3+ 42. Kg1 Be3+ 0-1

[Event "Chess24 Banter Blitz Cup"]
[Site "chess24.com INT"]
[Date "2020.02.01"]
[Round "3.5"]
[White "Carlsen, Magnus"]
[Black "Mamedov, Rauf"]
[Result "1/2-1/2"]
[WhiteElo "2876"]
[BlackElo "2645"]
[PlyCount "136"]
[EventDate "2019.09.25"]
[EventType "k.o. (blitz)"]
[EventRounds "7"]
[EventCountry "USA"]
[SourceTitle "CBM 195 Extra"]
[Source "ChessBase"]
[SourceDate "2020.05.31"]
[SourceVersion "1"]
[SourceVersionDate "2020.05.31"]
[SourceQuality "1"]

1. d4 d5 2. c4 e6 3. Nc3 c5 4. cxd5 exd5 5. Nf3 Nc6 6. dxc5 d4 7. Na4 Bxc5 8.
Nxc5 Qa5+ 9. Bd2 Qxc5 10. e3 dxe3 11. Bxe3 Qb4+ 12. Bd2 Qe7+ 13. Be2 Nf6 14.
O-O O-O 15. Re1 Be6 16. Ng5 Bd5 17. Bc3 Qc5 18. Bd3 Rfe8 19. Rxe8+ Rxe8 20.
Bxf6 gxf6 21. Nxh7 Qd4 22. Qh5 Kg7 23. Nxf6 Kxf6 24. Qh6+ Ke7 25. Re1+ Be6 26.
Bf5 Qf6 27. Qh5 Kf8 28. Bxe6 Rxe6 29. Rf1 Qxb2 30. Qc5+ Kg8 31. a4 Qd4 32. Qb5
Ne5 33. Qxb7 Ng4 34. Qf3 Ne5 35. Qf5 Ng6 36. h3 Qxa4 37. Qc5 Qd7 38. Ra1 a6 39.
Qc3 Rd6 40. Kh2 Rc6 41. Qb4 Qd6+ 42. Qxd6 Rxd6 43. g3 Ne7 44. Kg2 Nd5 45. h4
Kg7 46. Kf3 Nc7 47. g4 Rf6+ 48. Kg3 Rc6 49. f3 Rc3 50. h5 Rc5 51. Rd1 Ne6 52.
Rd7 Rc3 53. Ra7 Ng5 54. Kh4 Nxf3+ 55. Kg3 Ne5+ 56. Kf4 Nxg4 57. Kxg4 Rc4+ 58.
Kf5 Rc5+ 59. Kg4 Ra5 60. h6+ Kg6 61. Rxf7 Ra4+ 62. Rf4 Rxf4+ 63. Kxf4 a5 64.
Ke4 a4 65. Kd4 a3 66. Kc3 a2 67. Kb2 a1=Q+ 68. Kxa1 Kxh6 1/2-1/2

[Event "Chess24 Banter Blitz Cup"]
[Site "chess24.com INT"]
[Date "2020.02.01"]
[Round "3.6"]
[White "Mamedov, Rauf"]
[Black "Carlsen, Magnus"]
[Result "1/2-1/2"]
[WhiteElo "2645"]
[BlackElo "2876"]
[PlyCount "124"]
[EventDate "2019.09.25"]
[EventType "k.o. (blitz)"]
[EventRounds "7"]
[EventCountry "USA"]
[SourceTitle "CBM 195 Extra"]
[Source "ChessBase"]
[SourceDate "2020.05.31"]
[SourceVersion "1"]
[SourceVersionDate "2020.05.31"]
[SourceQuality "1"]

1. e4 d5 2. exd5 Qxd5 3. Nc3 Qe5+ 4. Be2 c6 5. Nf3 Qc7 6. d4 Nf6 7. Ne5 Bf5 8.
Bf4 Qc8 9. O-O h6 10. Re1 e6 11. Bd3 Bxd3 12. Qxd3 Nbd7 13. Ng6 Rg8 14. Ne5 Be7
15. Rad1 Nxe5 16. Bxe5 Qd7 17. Bxf6 Bxf6 18. Ne4 Be7 19. c3 O-O-O 20. a3 Kb8
21. Qf3 Rgf8 22. g3 Ka8 23. Nd2 Qd5 24. Qe2 h5 25. Nc4 h4 26. Ne3 Qg5 27. Qg4
hxg3 28. hxg3 Qb5 29. Qe2 Qb6 30. Nc4 Qc7 31. Kg2 c5 32. dxc5 Bxc5 33. Ne5 Bd6
34. Nf3 Qc6 35. Qe4 Qb6 36. b4 Bb8 37. c4 Rxd1 38. Rxd1 Rd8 39. c5 Qc7 40. Rxd8
Qxd8 41. c6 Qc7 42. b5 a6 43. cxb7+ Qxb7 44. Qxb7+ Kxb7 45. bxa6+ Kxa6 46. Ng5
Bd6 47. a4 Ka5 48. Nxf7 Be7 49. Kf3 Kxa4 50. Ke4 Bf6 51. f4 Kb5 52. Ng5 Bxg5
53. Ke5 Bf6+ 54. Kxe6 Kc4 55. g4 Bc3 56. g5 Kd3 57. f5 Ke4 58. f6 g6 59. f7 Bg7
60. f8=Q Bxf8 61. Kf6 Be7+ 62. Kxg6 Bxg5 1/2-1/2

[Event "Chess24 Banter Blitz Cup"]
[Site "chess24.com INT"]
[Date "2020.02.01"]
[Round "3.7"]
[White "Carlsen, Magnus"]
[Black "Mamedov, Rauf"]
[Result "1-0"]
[WhiteElo "2876"]
[BlackElo "2645"]
[PlyCount "111"]
[EventDate "2019.09.25"]
[EventType "k.o. (blitz)"]
[EventRounds "7"]
[EventCountry "USA"]
[SourceTitle "CBM 195 Extra"]
[Source "ChessBase"]
[SourceDate "2020.05.31"]
[SourceVersion "1"]
[SourceVersionDate "2020.05.31"]
[SourceQuality "1"]

1. e4 c5 2. Nf3 d6 3. Nc3 Nf6 4. h4 Nc6 5. d4 cxd4 6. Nxd4 Bd7 7. f3 Rc8 8. g4
h6 9. Nb3 Ne5 10. Be3 a6 11. Rg1 Be6 12. g5 hxg5 13. hxg5 Nfd7 14. f4 Nc4 15.
Bxc4 Bxc4 16. Qf3 g6 17. O-O-O Bxb3 18. axb3 Bg7 19. Rh1 Rxh1 20. Rxh1 Qa5 21.
e5 dxe5 22. Qxb7 Rb8 23. Qc6 Qa1+ 24. Nb1 exf4 25. Bxf4 Qxb2+ 26. Kd1 Rd8 27.
Nd2 Qd4 28. Rf1 Kf8 29. Ke2 Ne5 30. Qe4 Qc3 31. Be3 Kg8 32. Rd1 Rc8 33. Rc1 e6
34. Nf3 Nxf3 35. Kxf3 a5 36. Rd1 Qxc2 37. Rd8+ Bf8 38. Qxc2 Rxc2 39. Bd4 Rc6
40. Bf6 Rb6 41. Be7 f5 42. Rxf8+ Kg7 43. Rf6 Rxb3+ 44. Kf4 Rb4+ 45. Ke5 Re4+
46. Kd6 f4 47. Bf8+ Kg8 48. Ke7 f3 49. Rxg6+ Kh7 50. Rf6 Kg8 51. Rg6+ Kh7 52.
Kf7 Rf4+ 53. Rf6 Rxf6+ 54. gxf6 f2 55. Be7 f1=Q 56. Ke8 1-0

[Event "Chess24 Banter Blitz Cup"]
[Site "chess24.com INT"]
[Date "2020.02.01"]
[Round "3.8"]
[White "Mamedov, Rauf"]
[Black "Carlsen, Magnus"]
[Result "0-1"]
[WhiteElo "2645"]
[BlackElo "2876"]
[PlyCount "56"]
[EventDate "2019.09.25"]
[EventType "k.o. (blitz)"]
[EventRounds "7"]
[EventCountry "USA"]
[SourceTitle "CBM 195 Extra"]
[Source "ChessBase"]
[SourceDate "2020.05.31"]
[SourceVersion "1"]
[SourceVersionDate "2020.05.31"]
[SourceQuality "1"]

1. e4 d5 2. exd5 Qxd5 3. Nc3 Qd6 4. d4 Nf6 5. Nf3 a6 6. Ne5 Nc6 7. Nxc6 Qxc6 8.
d5 Qd6 9. Bc4 b5 10. Bb3 Bb7 11. Qf3 b4 12. Bf4 e5 13. Ne4 Nxe4 14. Qxe4 O-O-O
15. Be3 Bxd5 16. Qg4+ Qe6 17. Qe2 Be7 18. O-O Kb7 19. Rfd1 Bxb3 20. axb3 Rxd1+
21. Rxd1 Rd8 22. Ra1 f5 23. g3 g5 24. c4 Qc6 25. Ra5 f4 26. Bd2 Bc5 27. Be1 f3
28. Qxe5 Re8 0-1

[Event "Chess24 Banter Blitz Cup"]
[Site "chess24.com INT"]
[Date "2020.02.01"]
[Round "3.9"]
[White "Carlsen, Magnus"]
[Black "Mamedov, Rauf"]
[Result "1-0"]
[WhiteElo "2876"]
[BlackElo "2645"]
[PlyCount "61"]
[EventDate "2019.09.25"]
[EventType "k.o. (blitz)"]
[EventRounds "7"]
[EventCountry "USA"]
[SourceTitle "CBM 195 Extra"]
[Source "ChessBase"]
[SourceDate "2020.05.31"]
[SourceVersion "1"]
[SourceVersionDate "2020.05.31"]
[SourceQuality "1"]

1. d4 Nf6 2. Bf4 g6 3. Nc3 d5 4. e3 Bg7 5. h4 h5 6. Nf3 c6 7. Ne5 Nbd7 8. Bd3
Nf8 9. Qd2 Ne6 10. Bg3 Nd7 11. Nf3 b5 12. Ne2 Nb6 13. O-O O-O 14. b3 Nc4 15.
bxc4 bxc4 16. Rfc1 cxd3 17. cxd3 c5 18. Rab1 cxd4 19. Nexd4 Nxd4 20. Nxd4 Bd7
21. Rb7 e5 22. Nc6 Bxc6 23. Rxc6 a5 24. Rcc7 Qf6 25. Rd7 Qc6 26. Rbc7 Qb6 27.
Qc2 d4 28. exd4 Rae8 29. Qc4 Re6 30. d5 Ree8 31. d6 1-0